| 000 | 01021nam a22002537a 4500 | ||
|---|---|---|---|
| 005 | 20170612155132.0 | ||
| 010 | _a1516EN07 ENG-114853 | ||
| 020 |
_a9789351362517 _c299.00 |
||
| 035 | _aEN-98385 | ||
| 035 | _aB-615462-484 | ||
| 035 | _aB-670026 | ||
| 037 | _bPansy/ven | ||
| 037 | _bDBAD/PUB | ||
| 082 | _a305.550954 | ||
| 100 | _aVarma, Pavan K. | ||
| 245 |
_aThe new Indian middle class: _cby Pavan K. Varma _bthe challenge of 2014 and beyond / |
||
| 260 |
_aNoida _bHarper Collins Publishers _c2014 |
||
| 270 |
_aA-53,Sector 57, _bNoida _e201301 |
||
| 300 |
_a101p. _c21cm(Hb) |
||
| 650 |
_aMiddle class _zIndia. |
||
| 942 |
_2ddc _cEN _mVAR _h305.550954 |
||
| 999 |
_c95989 _d95989 |
||